Cuộc du hành vào trung tâm trái đất

में बचाया:
ग्रंथसूची विवरण
मुख्य लेखक: Jules Verne
स्वरूप: पुस्तक
भाषा:Undetermined
प्रकाशित: Hà Nội Văn Học 1996
विषय:
टैग : टैग जोड़ें
कोई टैग नहीं, इस रिकॉर्ड को टैग करने वाले पहले व्यक्ति बनें!
Thư viện lưu trữ: Trung tâm Học liệu Trường Đại học Cần Thơ
LEADER 00536nam a2200169Ia 4500
001 CTU_37463
008 210402s9999 xx 000 0 und d
082 |a 843.8 
082 |b V531c 
100 |a Jules Verne 
245 0 |a Cuộc du hành vào trung tâm trái đất 
245 0 |c Jules Verne, Phạm Viêm Phương 
260 |a Hà Nội 
260 |b Văn Học 
260 |c 1996 
650 |a french fiction ( vietnamese ),french literature - 20th century 
980 |a Trung tâm Học liệu Trường Đại học Cần Thơ